000 01068cab a22001935a 4500
001 L142046
008 080122e20080119xxk s 000 0 eng d
035 _a(Sirsi) u142046
041 0 _aeng
100 1 _aStevens, Alex
245 0 0 _aIt's not all bad news
260 _c2008
490 _aEstates Gazette
_v(0802) 19 January 2008, 138-140(3)
520 _aConsiders the effect of business rate liability on rents in the City and West End. The 2009-10 rating revaluation may see the rates for some offices double in value. This is belied by the Valuation Office Agency's Property Market Report which expects less dramatic increases, its figures being dampened by a lack of open market rental evidence and the widespread use of incentives such as rent-free periods. Details the mechanics of rate liabilities and revaluations. Argues that if the economy remains buoyant then the medium to long term future for office rents may not be gloomy.
590 _aKA
651 4 _aLondon
690 _aPROPERTY-COMMERCIAL PROPERTY-COMMERCIAL PROPERTY MARKET
942 _n0
999 _c79713
_d79713